A practical design for affordable eco homes (Record no. 79617)
[ view plain ]
| 000 -LEADER | |
|---|---|
| fixed length control field | 00910cab a22001935a 4500 |
| 001 - CONTROL NUMBER | |
| control field | L141841 |
| 008 - FIXED-LENGTH DATA ELEMENTS--GENERAL INFORMATION | |
| fixed length control field | 080102e20071213xxko f 000 0 eng d |
| 035 ## - SYSTEM CONTROL NUMBER | |
| System control number | (Sirsi) u141841 |
| 041 0# - LANGUAGE CODE | |
| Language code of text/sound track or separate title | eng |
| 100 1# - MAIN ENTRY--PERSONAL NAME | |
| Personal name | Thompson, Paul |
| 245 02 - TITLE STATEMENT | |
| Title | A practical design for affordable eco homes |
| 260 ## - PUBLICATION, DISTRIBUTION, ETC. | |
| Date of publication, distribution, etc. | 2007 |
| 490 #0 - SERIES STATEMENT | |
| Series statement | Construction News |
| Volume/sequential designation | (7048) 13 December 2007, 24-25(2) |
| 520 ## - SUMMARY, ETC. | |
| Summary, etc. | Describes the energy efficient features of BASF house, part of Nottingham University?s Creative Energy Homes Project. The project aims to show that affordable homes that exceed level four of the "Code for sustainable homes" are achievable (the final cost is £70 000 per house). The BASF house boasts a highly efficient insulation system, ground cooling, and incorporates the unusual oast house design. |
| 590 ## - LOCAL NOTE (RLIN) | |
| Local note | KA |
| 651 #4 - SUBJECT ADDED ENTRY--GEOGRAPHIC NAME | |
| Geographic name | United Kingdom |
| Chronological subdivision | |
| 690 ## - LOCAL SUBJECT ADDED ENTRY--TOPICAL TERM (OCLC, RLIN) | |
| Topical term or geographic name as entry element | BUILT ENVIRONMENT-SUSTAINABLE CONSTRUCTION |
| 942 ## - ADDED ENTRY ELEMENTS (KOHA) | |
| Suppress in OPAC | 0 |
| Withdrawn status | Lost status | Source of classification or shelving scheme | Damaged status | Not for loan | Home library | Current library | Shelving location | Date acquired | Total Checkouts | Full call number | Barcode | Date last seen | Copy number | Price effective from | Koha item type |
|---|---|---|---|---|---|---|---|---|---|---|---|---|---|---|---|
| Dewey Decimal Classification | London | London | Journal article | 02/01/2008 | L141841 | 141841-1001 | 06/08/2019 | 1 | 06/08/2019 | Journal article |